Statistics for All moves in Loomian Legacy

Click here to take the quiz!

General Stats

  • This quiz has been taken 20 times
  • The average score is 68 of 259

Answer Stats

Type/categoryMove% Correct
Typeless/Meleequick pounce
64%
Typeless/Meleepounce
57%
Ancient/Meleeprimal slash
57%
Brawler/Meleepunch
57%
Air/Ranged | Air/Supportair blade
50%
Brawler/Supportbrawn boost
50%
Brawler/Supportbulk up
50%
Dark/Rangeddark surge
50%
Earth/Meleeearthquake
50%
Fire/Rangedfire breath
50%
Mind/Supporthypnotize
50%
Water/Rangedmaroon
50%
Brawler/Meleemega punch
50%
Metal/Rangedmetal blast
50%
Earth/Rangedmud spatter
50%
Mind/Supportpeace of mind
50%
Toxic/Supportpoison
50%
Fire/Rangedpyrokinesis
50%
Brawler/Meleequick punch
50%
Typeless/Supportscapegoat
50%
Spirit/Rangedspectral burst
50%
Electric/Meleethunder crash
50%
Water/Rangedtsunami
50%
Water/Rangedwater bomb
50%
Various/Variousadaptive assault
43%
Dark/Meleebamboozle
43%
Typeless/Supportbarter
43%
Brawler/Meleebody crash
43%
Plant/Meleebush whack
43%
Mind/Meleecerebral slash
43%
Typeless/Supportdodge
43%
Brawler/Meleedriving force
43%
Ancient/Rangedelemental burst
43%
Light/Rangedflash 'n flee
43%
Ice/Meleefrost punch
43%
Light/Rangedgamma pulse
43%
Ice/Meleeice hammer
43%
Ice/Supporticicle trap
43%
Light/Rangedluster loot
43%
Light/Supportmagnify
43%
Air/Supportperch
43%
Toxic/Supportpoison barbs
43%
Typeless/Supportpower focus
43%
Dark/Supportprovoke
43%
Typeless/Rangedraging howl
43%
Typeless/Supportrejuvenate
43%
Metal/Meleesearing steel
43%
Fire/Rangedsinge
43%
Water/Rangedspray
43%
Metal/Meleesteel crusher
43%
Typeless/Meleeswipe
43%
Electric/Rangedthunderstrike
43%
Ancient/Supportancient roar
36%
Dark/Supportbag of tricks
36%
Toxic/Meleebaneful bash
36%
Metal/Meleebash
36%
Typeless/Supportbequeath
36%
Fire/Meleeblaze chomp
36%
Dark/Meleeblood drain
36%
Typeless/Meleebody slam
36%
Typeless/Supportbrace
36%
Mind/Rangedbrainwash
36%
Bug/Meleebug bite
36%
Earth/Supportburrow
36%
Ice/Meleechilly chomp
36%
Dark/Meleechomp
36%
Brawler/Meleechop
36%
Metal/Meleecomplete demolition
36%
Mind/Supportdeja vu
36%
Ancient/Meleedino claws
36%
Light/Rangedenergy surge
36%
Spirit/Supportfinal ruse
36%
Mind/Rangedfoul chant
36%
Ice/Rangedfrost beam
36%
Typeless/Meleegnaw
36%
Typeless/Supportgrowl
36%
Brawler/Meleehop kick
36%
Water/Meleehydro slash
36%
Plant/Rangedleaf barrage
36%
Fire/Supportmagma block
36%
Mind/Supportmind's eye
36%
Toxic/Rangedmuck blast
36%
Ancient/Meleeoutburst
36%
Air/Meleepeck
36%
Light/Rangedradiant forecast
36%
Typeless/Meleeraging tackle
36%
Typeless/Rangedrainbow blast
36%
Dark/Rangedrant
36%
Mind/Rangedreturn to sender
36%
Air/Meleescavenge
36%
Light/Rangedshine
36%
Dark/Meleeslap down
36%
Typeless/Meleeslash
36%
Ice/Meleesnowdozer
36%
Dark/Rangedsoul drain
36%
Typeless/Meleespare
36%
Dark/Supportsquare one
36%
Typeless/Supportstare
36%
Electric/Meleetase
36%
Electric/Meleethunder clap
36%
Typeless/Supportaccelerate
29%
Air/Rangedair whip
29%
Ancient/Supportbane of haste
29%
Ancient/Supportbeast's slumber
29%
Brawler/Rangedboom bash
29%
Earth/Rangedboulder blast
29%
Ice/Rangedbrain freeze
29%
Plant/Supportbriar block
29%
Earth/Meleeclay slap
29%
Typeless/Supportdawdle
29%
Light/Supportdisperse
29%
Typeless/Meleeear slap
29%
Fire/Meleefire slam
29%
Mind/Rangedflabbergast
29%
Various/Rangedgloominous roar
29%
Mind/Supporthealth gift
29%
Brawler/Meleeheart break
29%
Metal/Meleeheavy bash
29%
Metal/Meleeholy slash
29%
Typeless/Meleeill will
29%
Fire/Meleelava slash
29%
Plant/Rangedlife drain
29%
Earth/Meleemuck buck
29%
Spirit/Rangedoppress
29%
Bug/Meleeparasitize
29%
Bug/Rangedpestilence
29%
Electric/Meleepower siphon
29%
Mind/Rangedpsycho blast
29%
Typeless/Rangedresonate
29%
Brawler/Meleerough up
29%
Plant/Supportsap plant
29%
Spirit/Meleeshadow sprint
29%
Dark/Supportsharpen
29%
Ancient/Rangedshrewd blast
29%
Electric/Rangedstatic shock
29%
Electric/Rangedstorm summon
29%
Water/Meleesubmerge
29%
Dark/Supporttease
29%
Mind/Meleetelekinetic sweep
29%
Plant/Meleethistle slash
29%
Plant/Meleetimber thrash
29%
Bug/Supportweb shot
29%
Ice/Meleewinter's fury
29%
Earth/Meleeyeti's wrath
29%
Water/Meleeaqua jaws
21%
Brawler/Supportbuck up
21%
Fire/Supportburn up
21%
Toxic/Rangedcorrode
21%
Air/Meleecyclone slam
21%
Ice/Rangeddeep freeze
21%
Metal/Meleedouble whack
21%
Electric/Supportenergize
21%
Typeless/Supportexamine
21%
Ice/Rangedflurry
21%
Spirit/Rangedghostly howl
21%
Dark/Meleegloom fangs
21%
Air/Rangedgust
21%
Brawler/Meleejunglejitsu
21%
Light/Rangedluminous roar
21%
Dark/Meleemega chomp
21%
Metal/Supportmetal shriek
21%
Air/Meleenosedive
21%
Toxic/Supportoil leak
21%
Spirit/Meleephantom slash
21%
Bug/Rangedpheroblast
21%
Dark/Meleepilfer
21%
Mind/Meleepsychal slap
21%
Ancient/Meleesavage greed
21%
Water/Supportsoft water
21%
Typeless/Meleestrike
21%
Typeless/Meleetail slap
21%
Electric/Meleethunder chomp
21%
Electric/Meleethunder slam
21%
Plant/Supportwonder herb
21%
Typeless/Supportaim
14%
Ancient/Supportancient instinct
14%
Bug/Meleebattering ram
14%
Fire/Meleeblaze punch
14%
Dark/Supportcharade
14%
Dark/Meleechase down
14%
Plant/Meleecoconut bomb
14%
Metal/Rangeddart burst
14%
Water/Rangeddouse
14%
Electric/Rangedelectroburst
14%
Electric/Meleeelectro-punch
14%
Mind/Supportenergy gift
14%
Fire/Meleeflaming kick
14%
Water/Rangedgeyser
14%
Typeless/Rangedharmonious chord
14%
Typeless/Meleeheadbutt
14%
Water/Rangedmarsh wave
14%
Plant/Rangednature's force
14%
Plant/Meleepetal pummel
14%
Plant/Rangedpine shot
14%
Electric/Rangedprecision bolt
14%
Earth/Rangedquicksand
14%
Fire/Rangedraging flame
14%
Spirit/Supportrevival
14%
Typeless/Supportsquawk
14%
Spirit/Meleestartle
14%
Toxic/Meleesting
14%
Typeless/Supportstretch
14%
Spirit/Rangedstupefy
14%
Dark/Supporttalent trade
14%
Toxic/Meleetoxic tail
14%
Plant/Rangedtrip root
14%
Toxic/Meleevenom chomp
14%
Dark/Supportbaffle
7%
Typeless/Supportbattle horn
7%
Toxic/Rangedcanister burst
7%
Ancient/Rangedconfound
7%
Typeless/Rangeddissonant chord
7%
Dark/Meleedive bomb
7%
Bug/Meleedouble sting
7%
Typeless/Supporteerie stare
7%
Fire/Meleefiery fondant
7%
Dark/Supportgain drain
7%
Electric/Supportjump start
7%
Light/Meleelight dash
7%
Fire/Rangedmagma burst
7%
Metal/Meleemetal swipes
7%
Ancient/Rangedmeteor crash
7%
Bug/Rangedmystic breeze
7%
Plant/Meleenature's rage
7%
Ice/Rangedpeppermint breath
7%
Bug/Rangedpester
7%
Fire/Supportphoenix flame
7%
Plant/Supportphotosynthesis
7%
Water/Meleepiercing drive
7%
Fire/Rangedrapid fire
7%
Ice/Rangedsleet shot
7%
Toxic/Rangedslime
7%
Typeless/Supportslumber
7%
Typeless/Supporttone barrier
7%
Air/Meleewing slap
7%
Metal/Meleeclamp
0%
Bug/Meleeclamp claw
0%
Dark/Rangedegg lob
0%
Light/Rangedflash pulse
0%
Plant/Supportfungus curse
0%
Toxic/Rangedgobble goop
0%
Toxic/Rangedgraffiti
0%
Spirit/Supportimpersonate
0%
Mind/Supportmemorize
0%
Ancient/Meleemeteor smash
0%
Bug/Supportmolt
0%
Toxic/Supportpaint shower
0%
Metal/Rangedreflection burst
0%
Typeless/Rangedrepeating tune
0%
Plant/Supportsnore spores
0%
Ice/Rangedsnot shot
0%
Plant/Supportstatic spors
0%
Metal/Supportsteel trap
0%
Toxic/Supporttoxic spores
0%
Metal/Supporttune-up
0%
Bug/Rangedtwirly whirl
0%
Water/Meleevicious snap
0%

Score Distribution

Percentile by Number Answered

Percent of People with Each Score

Your Score History

You have not taken this quiz